000 00610nam a2200241Ia 4500
003 OSt
005 20221005115010.0
006 a|||||r|||| 00| 0
007 ta
008 221004b |||||||| |||| 00| 0 mal d
024 _a58560
037 _cTextual
040 _aCRL
_cCRL
_bmal
041 _2mal
_amal
082 _aQ2:414, 32J8
100 _aPillai Narayana Au.
_9626951
245 0 _aBhootanatha sasvaswam
260 _c1958
650 _a RITES AND CEREMONIES
650 _aHINDUISM
942 _hQ2:414, 32J8
_cTEXL
_2cc
999 _c1033106
_d1033106